[Event "Grand Swiss "]
[Date "2025.09.15"]
[White "Maurizzi, MarcAndria"]
[Black "Murzin, Volodar"]
[WhiteElo "2610"]
[BlackElo "2670"]
[Round "11.11.19"]
[Result "1/2-1/2"]

1. d4 {[%clk 01:40:41] [%emt 00:00:17]} d5 {[%clk 01:40:54] [%emt 00:00:06]} 2.
c4 {[%clk 01:41:05] [%emt 00:00:06]} c6 {[%clk 01:41:21] [%emt 00:00:03]} 3. Nf3
{[%clk 01:40:49] [%emt 00:00:46]} Nf6 {[%clk 01:41:45] [%emt 00:00:07]} 4. Nc3
{[%clk 01:41:11] [%emt 00:00:08]} e6 {[%clk 01:41:53] [%emt 00:00:22]} 5. Bg5
{[%clk 01:39:07] [%emt 00:02:34]} h6 {[%clk 01:42:17] [%emt 00:00:06]} 6. Bxf6
{[%clk 01:39:29] [%emt 00:00:08]} Qxf6 {[%clk 01:42:42] [%emt 00:00:05]} 7. a3
{[%clk 01:39:56] [%emt 00:00:04]} Nd7 {[%clk 01:25:52] [%emt 00:17:19]} 8. e4
{[%clk 01:39:58] [%emt 00:00:27]} dxc4 {[%clk 01:05:05] [%emt 00:21:17]} 9. e5
{[%clk 01:39:19] [%emt 00:01:09]} Qg6 {[%clk 00:59:20] [%emt 00:06:15]} 10. Bxc4
{[%clk 01:39:43] [%emt 00:00:06]} Qxg2 {[%clk 00:44:22] [%emt 00:15:28]} 11. Rg1
{[%clk 01:37:35] [%emt 00:02:38]} Qh3 {[%clk 00:44:48] [%emt 00:00:04]} 12. Rg3
{[%clk 01:12:00] [%emt 00:26:05]} Qh5 {[%clk 00:43:15] [%emt 00:02:04]} 13. Qd2
{[%clk 01:11:52] [%emt 00:00:39]} Nb6 {[%clk 00:39:41] [%emt 00:04:03]} 14. Be2
{[%clk 01:11:47] [%emt 00:00:35]} Bd7 {[%clk 00:29:48] [%emt 00:10:23]} 15.
O-O-O {[%clk 00:57:07] [%emt 00:15:09]} Nd5 {[%clk 00:17:55] [%emt 00:12:23]}
16. Ne4 {[%clk 00:31:53] [%emt 00:25:44]} Qf5 {[%clk 00:16:19] [%emt 00:02:06]}
17. Nd6+ {[%clk 00:31:46] [%emt 00:00:37]} Bxd6 {[%clk 00:16:47] [%emt
00:00:02]} 18. exd6 {[%clk 00:32:12] [%emt 00:00:05]} f6 {[%clk 00:11:01] [%emt
00:06:16]} 19. Nh4 {[%clk 00:21:05] [%emt 00:11:36]} Qf4 {[%clk 00:11:26] [%emt
00:00:05]} 20. Ng6 {[%clk 00:21:30] [%emt 00:00:05]} Qxd2+ {[%clk 00:11:46]
[%emt 00:00:10]} 21. Kxd2 {[%clk 00:21:58] [%emt 00:00:03]} Rg8 {[%clk 00:12:02]
[%emt 00:00:13]} 22. Rdg1 {[%clk 00:13:49] [%emt 00:08:39]} Kd8 {[%clk 00:12:00]
[%emt 00:00:32]} 23. Ne7 {[%clk 00:08:51] [%emt 00:05:28]} Nxe7 {[%clk 00:12:25]
[%emt 00:00:05]} 24. dxe7+ {[%clk 00:09:19] [%emt 00:00:02]} Kxe7 {[%clk
00:12:47] [%emt 00:00:08]} 25. Rxg7+ {[%clk 00:09:47] [%emt 00:00:03]} Rxg7
{[%clk 00:13:12] [%emt 00:00:05]} 26. Rxg7+ {[%clk 00:10:14] [%emt 00:00:02]}
Kd6 {[%clk 00:13:37] [%emt 00:00:05]} 27. Rh7 {[%clk 00:10:02] [%emt 00:00:42]}
f5 {[%clk 00:12:44] [%emt 00:01:24]} 28. Rxh6 {[%clk 00:10:13] [%emt 00:00:19]}
c5 {[%clk 00:10:29] [%emt 00:02:44]} 29. dxc5+ {[%clk 00:09:05] [%emt 00:01:39]}
Kxc5 {[%clk 00:10:56] [%emt 00:00:03]} 30. h4 {[%clk 00:08:20] [%emt 00:01:14]}
Kd4 {[%clk 00:09:06] [%emt 00:02:20]} 31. h5 {[%clk 00:06:10] [%emt 00:02:40]}
Ke5 {[%clk 00:09:14] [%emt 00:00:22]} 32. Rg6 {[%clk 00:05:52] [%emt 00:00:47]}
1/2-1/2

[Site "Europe Echecs"]

[Event "Grand Swiss "]
[Date "2025.09.15"]
[White "Lagarde, Maxime"]
[Black "Saric, Ivan"]
[WhiteElo "2609"]
[BlackElo "2655"]
[Round "11.11.21"]
[Result "0-1"]

1. Nf3 {[%clk 01:40:57] [%emt 00:00:02]} d5 {[%clk 01:40:02] [%emt 00:00:59]} 2.
g3 {[%clk 01:40:27] [%emt 00:01:01]} g6 {[%clk 01:39:56] [%emt 00:00:36]} 3. Bg2
{[%clk 01:40:52] [%emt 00:00:04]} Bg7 {[%clk 01:40:22] [%emt 00:00:04]} 4. d4
{[%clk 01:41:20] [%emt 00:00:03]} Nf6 {[%clk 01:40:43] [%emt 00:00:09]} 5. O-O
{[%clk 01:41:42] [%emt 00:00:07]} c6 {[%clk 01:40:31] [%emt 00:00:42]} 6. c4
{[%clk 01:42:08] [%emt 00:00:05]} dxc4 {[%clk 01:39:44] [%emt 00:01:17]} 7. a4
{[%clk 01:41:14] [%emt 00:01:24]} Ne4 {[%clk 01:39:49] [%emt 00:00:25]} 8. Nc3
{[%clk 01:36:18] [%emt 00:05:25]} Nd6 {[%clk 01:38:21] [%emt 00:01:58]} 9. e4
{[%clk 01:29:31] [%emt 00:07:17]} Bg4 {[%clk 01:38:20] [%emt 00:00:31]} 10. Bg5
{[%clk 01:02:48] [%emt 00:27:14]} Qb6 {[%clk 01:21:28] [%emt 00:17:22]} 11. a5
{[%clk 00:38:28] [%emt 00:24:50]} Qxb2 {[%clk 01:19:23] [%emt 00:02:35]} 12. Bd2
{[%clk 00:11:56] [%emt 00:27:02]} Nb5 {[%clk 01:12:20] [%emt 00:07:33]} 13. Nxb5
{[%clk 00:08:38] [%emt 00:03:48]} cxb5 {[%clk 00:54:10] [%emt 00:18:40]} 14. Rb1
{[%clk 00:07:27] [%emt 00:01:41]} Bxf3 {[%clk 00:53:56] [%emt 00:00:43]} 15.
Bxf3 {[%clk 00:07:52] [%emt 00:00:05]} Qxd4 {[%clk 00:53:56] [%emt 00:00:30]}
16. Rxb5 {[%clk 00:07:50] [%emt 00:00:32]} O-O {[%clk 00:39:13] [%emt 00:15:13]}
17. Rxb7 {[%clk 00:07:35] [%emt 00:00:45]} Nc6 {[%clk 00:38:54] [%emt 00:00:49]}
18. Be3 {[%clk 00:07:21] [%emt 00:00:44]} Qf6 {[%clk 00:34:54] [%emt 00:04:30]}
19. Be2 {[%clk 00:07:01] [%emt 00:00:50]} c3 {[%clk 00:33:38] [%emt 00:01:46]}
20. Qa4 {[%clk 00:06:30] [%emt 00:01:01]} Rfd8 {[%clk 00:32:31] [%emt 00:01:37]}
21. Rd1 {[%clk 00:02:42] [%emt 00:04:18]} Rxd1+ {[%clk 00:31:23] [%emt
00:01:38]} 22. Qxd1 {[%clk 00:03:04] [%emt 00:00:08]} h5 {[%clk 00:28:58] [%emt
00:02:54]} 23. Kg2 {[%clk 00:02:10] [%emt 00:01:25]} Rc8 {[%clk 00:25:20] [%emt
00:04:09]} 24. Qd7 {[%clk 00:01:56] [%emt 00:00:43]} Rd8 {[%clk 00:25:30] [%emt
00:00:20]} 25. Qc7 {[%clk 00:02:22] [%emt 00:00:04]} Qe6 {[%clk 00:23:17] [%emt
00:02:44]} 26. Rb5 {[%clk 00:02:49] [%emt 00:00:03]} Rc8 {[%clk 00:22:26] [%emt
00:01:21]} 27. Qb7 {[%clk 00:03:13] [%emt 00:00:05]} Nd4 {[%clk 00:19:46] [%emt
00:03:10]} 28. Bxd4 {[%clk 00:03:40] [%emt 00:00:03]} Bxd4 {[%clk 00:20:10]
[%emt 00:00:05]} 29. Rb1 {[%clk 00:03:53] [%emt 00:00:18]} Kg7 {[%clk 00:19:39]
[%emt 00:01:01]} 30. Rc1 {[%clk 00:03:31] [%emt 00:00:53]} Rc5 {[%clk 00:18:21]
[%emt 00:01:47]} 31. Qxa7 {[%clk 00:03:57] [%emt 00:00:05]} Qxe4+ {[%clk
00:18:23] [%emt 00:00:27]} 32. Bf3 {[%clk 00:04:15] [%emt 00:00:12]} Qxf3+
{[%clk 00:18:31] [%emt 00:00:22]} 0-1

[Site "Europe Echecs"]

[Event "Grand Swiss "]
[Date "2025.09.15"]
[White "Ivanchuk, Vasyl"]
[Black "Grandelius, Nils"]
[WhiteElo "2608"]
[BlackElo "2648"]
[Round "11.11.22"]
[Result "1/2-1/2"]

1. d4 {[%clk 01:40:56] [%emt 00:00:03]} Nf6 {[%clk 01:40:24] [%emt 00:00:36]} 2.
c4 {[%clk 01:41:20] [%emt 00:00:06]} e6 {[%clk 01:40:45] [%emt 00:00:09]} 3. Nc3
{[%clk 01:41:48] [%emt 00:00:03]} Bb4 {[%clk 01:41:05] [%emt 00:00:09]} 4. Qc2
{[%clk 01:42:15] [%emt 00:00:04]} c5 {[%clk 01:39:55] [%emt 00:01:40]} 5. dxc5
{[%clk 01:42:40] [%emt 00:00:06]} Bxc5 {[%clk 01:39:55] [%emt 00:00:30]} 6. Nf3
{[%clk 01:41:12] [%emt 00:01:58]} b6 {[%clk 01:39:45] [%emt 00:00:41]} 7. Bf4
{[%clk 01:36:20] [%emt 00:05:22]} Bb7 {[%clk 01:38:09] [%emt 00:02:05]} 8. Rd1
{[%clk 01:31:06] [%emt 00:05:45]} Nc6 {[%clk 01:35:48] [%emt 00:02:50]} 9. h3
{[%clk 01:12:39] [%emt 00:18:58]} Ne7 {[%clk 01:23:36] [%emt 00:12:42]} 10. e4
{[%clk 00:48:31] [%emt 00:24:38]} Ng6 {[%clk 01:22:12] [%emt 00:01:54]} 11. Bh2
{[%clk 00:48:54] [%emt 00:00:07]} O-O {[%clk 01:19:47] [%emt 00:02:55]} 12. Be2
{[%clk 00:39:49] [%emt 00:09:35]} Bb4 {[%clk 01:10:01] [%emt 00:10:16]} 13. Nd2
{[%clk 00:33:31] [%emt 00:06:47]} d5 {[%clk 00:53:05] [%emt 00:17:28]} 14. exd5
{[%clk 00:28:18] [%emt 00:05:44]} exd5 {[%clk 00:53:13] [%emt 00:00:21]} 15. O-O
{[%clk 00:28:23] [%emt 00:00:25]} Re8 {[%clk 00:44:10] [%emt 00:09:33]} 16. Rfe1
{[%clk 00:27:37] [%emt 00:01:15]} Bd6 {[%clk 00:36:41] [%emt 00:07:59]} 17. Bxd6
{[%clk 00:26:40] [%emt 00:01:28]} Qxd6 {[%clk 00:37:08] [%emt 00:00:03]} 18. Bf1
{[%clk 00:19:57] [%emt 00:07:12]} Rxe1 {[%clk 00:35:21] [%emt 00:02:18]} 19.
Rxe1 {[%clk 00:20:25] [%emt 00:00:03]} Qc6 {[%clk 00:24:24] [%emt 00:11:26]} 20.
Nb5 {[%clk 00:17:17] [%emt 00:03:38]} dxc4 {[%clk 00:18:48] [%emt 00:06:06]} 21.
Qxc4 {[%clk 00:17:27] [%emt 00:00:20]} Qd7 {[%clk 00:18:48] [%emt 00:00:29]} 22.
Qb4 {[%clk 00:14:38] [%emt 00:03:18]} Bc6 {[%clk 00:15:23] [%emt 00:03:57]} 23.
Nd4 {[%clk 00:12:12] [%emt 00:02:54]} Bb7 {[%clk 00:15:01] [%emt 00:00:55]} 24.
Nb5 {[%clk 00:09:01] [%emt 00:03:41]} Bc6 {[%clk 00:14:54] [%emt 00:00:36]} 25.
Nd4 {[%clk 00:09:27] [%emt 00:00:04]} Bb7 {[%clk 00:14:57] [%emt 00:00:27]} 26.
N2b3 {[%clk 00:09:51] [%emt 00:00:07]} h6 {[%clk 00:12:15] [%emt 00:03:12]} 27.
Nb5 {[%clk 00:09:47] [%emt 00:00:34]} Bc6 {[%clk 00:10:29] [%emt 00:02:17]} 28.
N3d4 {[%clk 00:09:33] [%emt 00:00:44]} Bd5 {[%clk 00:10:50] [%emt 00:00:09]} 29.
Nc3 {[%clk 00:08:13] [%emt 00:01:47]} Bb7 {[%clk 00:09:56] [%emt 00:01:26]} 30.
Ndb5 {[%clk 00:08:15] [%emt 00:00:27]} Qd2 {[%clk 00:08:02] [%emt 00:02:25]} 31.
Re3 {[%clk 00:03:41] [%emt 00:05:03]} Bc6 {[%clk 00:05:13] [%emt 00:03:20]} 32.
Nd4 {[%clk 00:02:42] [%emt 00:01:29]} Bb7 {[%clk 00:05:04] [%emt 00:00:39]} 33.
Ndb5 {[%clk 00:02:15] [%emt 00:00:57]} Bc6 {[%clk 00:05:30] [%emt 00:00:04]} 34.
Nd4 {[%clk 00:02:00] [%emt 00:00:45]} Bb7 {[%clk 00:05:58] [%emt 00:00:02]} 35.
Nf3 {[%clk 00:02:25] [%emt 00:00:04]} Qd7 {[%clk 00:04:30] [%emt 00:01:58]} 36.
Nd4 {[%clk 00:01:55] [%emt 00:01:00]} Rd8 {[%clk 00:04:07] [%emt 00:00:53]} 37.
Ndb5 {[%clk 00:02:10] [%emt 00:00:16]} a5 {[%clk 00:03:24] [%emt 00:01:14]} 38.
Qc4 {[%clk 00:02:37] [%emt 00:00:01]} Nd5 {[%clk 00:02:09] [%emt 00:01:46]} 39.
Nxd5 {[%clk 00:02:38] [%emt 00:00:28]} Bxd5 {[%clk 00:02:21] [%emt 00:00:18]}
40. Qd4 {[%clk 00:02:52] [%emt 00:00:16]} Bxa2 {[%clk 00:00:49] [%emt 00:02:03]}
41. Qxb6 {[%clk 00:02:32] [%emt 00:00:50]} Qd2 {[%clk 00:36:03] [%emt 00:15:15]}
42. b4 {[%clk 00:34:36] [%emt 00:18:26]} axb4 {[%clk 00:22:24] [%emt 00:14:09]}
43. Re2 {[%clk 00:33:19] [%emt 00:01:45]} Qg5 {[%clk 00:22:43] [%emt 00:00:13]}
44. Rxa2 {[%clk 00:33:02] [%emt 00:00:48]} Rd1 {[%clk 00:23:06] [%emt 00:00:06]}
45. Qc6 {[%clk 00:12:01] [%emt 00:21:32]} b3 {[%clk 00:21:55] [%emt 00:01:40]}
46. Re2 {[%clk 00:01:56] [%emt 00:10:34]} Kh7 {[%clk 00:15:01] [%emt 00:07:25]}
47. g3 {[%clk 00:01:04] [%emt 00:01:22]} Rc1 {[%clk 00:13:45] [%emt 00:01:47]}
48. h4 {[%clk 00:00:47] [%emt 00:00:47]} Nxh4 {[%clk 00:12:57] [%emt 00:01:18]}
49. Qe4+ {[%clk 00:01:06] [%emt 00:00:10]} Ng6 {[%clk 00:11:51] [%emt 00:01:36]}
50. Qd3 {[%clk 00:00:42] [%emt 00:00:54]} f5 {[%clk 00:08:57] [%emt 00:03:24]}
51. Qd2 {[%clk 00:00:36] [%emt 00:00:35]} b2 {[%clk 00:08:02] [%emt 00:01:26]}
52. Qxb2 {[%clk 00:00:51] [%emt 00:00:15]} Nf4 {[%clk 00:08:29] [%emt 00:00:02]}
53. Qd2 {[%clk 00:00:36] [%emt 00:00:45]} Rxf1+ {[%clk 00:06:15] [%emt
00:02:46]} 54. Kxf1 {[%clk 00:00:45] [%emt 00:00:21]} Qh5 {[%clk 00:06:44]} 55.
Kg1 {[%clk 00:00:36] [%emt 00:00:39]} Nxe2+ {[%clk 00:03:42] [%emt 00:03:32]}
56. Kg2 {[%clk 00:00:47] [%emt 00:00:18]} Qe8 {[%clk 00:00:57] [%emt 00:03:15]}
57. Nd6 {[%clk 00:00:45] [%emt 00:00:31]} Qc6+ {[%clk 00:01:21] [%emt 00:00:07]}
58. f3 {[%clk 00:00:45] [%emt 00:00:30]} Qc5 {[%clk 00:01:01] [%emt 00:00:51]}
59. Qxe2 {[%clk 00:00:45] [%emt 00:00:30]} Qxd6 {[%clk 00:01:29] [%emt
00:00:01]} 60. Qe8 {[%clk 00:00:37] [%emt 00:00:37]} Qd2+ {[%clk 00:01:32] [%emt
00:00:28]} 61. Kf1 {[%clk 00:13:06] [%emt 00:02:58]} Qc1+ {[%clk 00:14:09] [%emt
00:02:56]} 62. Kg2 {[%clk 00:13:07] [%emt 00:00:29]} Qc2+ {[%clk 00:14:32] [%emt
00:00:08]} 63. Kf1 {[%clk 00:13:05] [%emt 00:00:28]} Qb1+ {[%clk 00:14:43] [%emt
00:00:22]} 64. Kg2 {[%clk 00:13:16] [%emt 00:00:15]} f4 {[%clk 00:12:19] [%emt
00:02:58]} 65. g4 {[%clk 00:11:13] [%emt 00:02:34]} Qc2+ {[%clk 00:11:49] [%emt
00:01:00]} 66. Kf1 {[%clk 00:10:05] [%emt 00:01:35]} Qd3+ {[%clk 00:11:38] [%emt
00:00:43]} 67. Kg2 {[%clk 00:09:46] [%emt 00:00:48]} Qd2+ {[%clk 00:09:20] [%emt
00:02:50]} 68. Kf1 {[%clk 00:09:16] [%emt 00:00:56]} Qd3+ {[%clk 00:09:18] [%emt
00:00:34]} 69. Kg2 {[%clk 00:09:21] [%emt 00:00:25]} Qd5 {[%clk 00:09:30] [%emt
00:00:18]} 70. Kf2 {[%clk 00:08:56] [%emt 00:00:52]} Qc5+ {[%clk 00:02:18] [%emt
00:07:44]} 71. Kg2 {[%clk 00:09:04] [%emt 00:00:21]} Qe3 {[%clk 00:02:03] [%emt
00:00:47]} 72. Qxe3 {[%clk 00:08:00] [%emt 00:01:34]} fxe3 {[%clk 00:02:28]
[%emt 00:00:04]} 73. f4 {[%clk 00:08:11] [%emt 00:00:19]} h5 {[%clk 00:02:30]
[%emt 00:00:28]} 74. gxh5 {[%clk 00:08:23] [%emt 00:00:18]} Kh6 {[%clk 00:02:55]
[%emt 00:00:05]} 75. Kf3 {[%clk 00:08:36] [%emt 00:00:17]} Kxh5 {[%clk 00:03:22]
[%emt 00:00:04]} 76. Kxe3 {[%clk 00:08:59] [%emt 00:00:07]} Kg6 {[%clk 00:03:50]
[%emt 00:00:02]} 1/2-1/2

[Site "Europe Echecs"]

[Event "Grand Swiss "]
[Date "2025.09.15"]
[White "Pranav, V"]
[Black "Lu, Shanglei"]
[WhiteElo "2596"]
[BlackElo "2647"]
[Round "11.11.23"]
[Result "1-0"]

1. e4 {[%clk 01:40:58] [%emt 00:00:01]} c5 {[%clk 01:40:57] [%emt 00:00:03]} 2.
Nf3 {[%clk 01:41:19] [%emt 00:00:09]} d6 {[%clk 01:41:24] [%emt 00:00:03]} 3. d4
{[%clk 01:41:40] [%emt 00:00:09]} cxd4 {[%clk 01:41:50] [%emt 00:00:04]} 4. Nxd4
{[%clk 01:42:03] [%emt 00:00:07]} Nf6 {[%clk 01:42:17] [%emt 00:00:03]} 5. Nc3
{[%clk 01:42:24] [%emt 00:00:09]} a6 {[%clk 01:42:44] [%emt 00:00:03]} 6. Nb3
{[%clk 01:42:45] [%emt 00:00:08]} e6 {[%clk 01:43:11] [%emt 00:00:04]} 7. g4
{[%clk 01:42:52] [%emt 00:00:23]} b5 {[%clk 01:43:40] [%emt 00:00:02]} 8. Bg2
{[%clk 01:43:11] [%emt 00:00:10]} Bb7 {[%clk 01:44:08] [%emt 00:00:02]} 9. g5
{[%clk 01:43:01] [%emt 00:00:40]} Nfd7 {[%clk 01:44:37] [%emt 00:00:02]} 10. h4
{[%clk 01:41:43] [%emt 00:01:48]} Nc6 {[%clk 01:40:11] [%emt 00:04:56]} 11. Be3
{[%clk 01:36:04] [%emt 00:06:09]} Nce5 {[%clk 01:34:48] [%emt 00:05:53]} 12. Qe2
{[%clk 01:23:05] [%emt 00:13:29]} b4 {[%clk 01:31:53] [%emt 00:03:25]} 13. Nd1
{[%clk 01:23:08] [%emt 00:00:27]} Rc8 {[%clk 01:28:02] [%emt 00:04:21]} 14. c3
{[%clk 01:09:00] [%emt 00:14:39]} Nc5 {[%clk 01:22:08] [%emt 00:06:24]} 15. O-O
{[%clk 00:39:54] [%emt 00:29:35]} a5 {[%clk 01:08:09] [%emt 00:14:30]} 16. Qb5+
{[%clk 00:31:22] [%emt 00:09:01]} Qd7 {[%clk 01:05:27] [%emt 00:03:13]} 17.
Qxd7+ {[%emt 00:00:20]} Kxd7 {[%clk 01:05:44] [%emt 00:00:10]} 18. Nxa5 {[%clk
00:31:15] [%emt 00:00:50]} Ba6 {[%clk 01:06:08] [%emt 00:00:05]} 19. cxb4 {[%clk
00:30:03] [%emt 00:01:41]} Bxf1 {[%clk 01:05:56] [%emt 00:00:41]} 20. Kxf1
{[%clk 00:30:23] [%emt 00:00:10]} Ncd3 {[%clk 01:05:06] [%emt 00:01:21]} 21. b5
{[%clk 00:23:59] [%emt 00:06:54]} Be7 {[%clk 01:00:37] [%emt 00:04:59]} 22. a4
{[%clk 00:22:12] [%emt 00:02:18]} Nb4 {[%clk 00:37:04] [%emt 00:24:03]} 23. Bd2
{[%clk 00:20:06] [%emt 00:02:36]} Nc2 {[%clk 00:26:21] [%emt 00:11:13]} 24. Ra2
{[%clk 00:20:18] [%emt 00:00:18]} Bd8 {[%clk 00:16:48] [%emt 00:10:02]} 25. Nb3
{[%clk 00:20:10] [%emt 00:00:39]} Bb6 {[%clk 00:15:37] [%emt 00:01:41]} 26. Bc3
{[%clk 00:12:48] [%emt 00:07:52]} Nd3 {[%clk 00:11:31] [%emt 00:04:36]} 27. a5
{[%clk 00:11:59] [%emt 00:01:19]} Ra8 {[%clk 00:11:59] [%emt 00:00:02]} 28. Ra4
{[%clk 00:11:48] [%emt 00:00:41]} Rhc8 {[%clk 00:07:44] [%emt 00:04:46]} 29. e5
{[%clk 00:11:18] [%emt 00:01:00]} d5 {[%clk 00:07:51] [%emt 00:00:23]} 30. Ke2
{[%clk 00:11:38] [%emt 00:00:10]} Nc5 {[%clk 00:06:06] [%emt 00:02:15]} 31.
Nxc5+ {[%clk 00:12:01] [%emt 00:00:06]} Rxc5 {[%clk 00:06:19] [%emt 00:00:17]}
32. Kd2 {[%clk 00:12:20] [%emt 00:00:11]} Bxa5 {[%clk 00:06:34] [%emt 00:00:15]}
33. Kxc2 {[%clk 00:11:39] [%emt 00:01:11]} Rcc8 {[%clk 00:06:42] [%emt
00:00:21]} 34. Rf4 {[%clk 00:11:15] [%emt 00:00:54]} Ke8 {[%clk 00:06:46] [%emt
00:00:26]} 35. Kb3 {[%clk 00:10:18] [%emt 00:01:27]} Bb6 {[%clk 00:06:57] [%emt
00:00:19]} 36. Bf1 {[%clk 00:10:06] [%emt 00:00:42]} Ra1 {[%clk 00:05:40] [%emt
00:01:47]} 37. Be2 {[%clk 00:10:19] [%emt 00:00:17]} Rca8 {[%clk 00:05:54] [%emt
00:00:17]} 38. Ne3 {[%clk 00:09:09] [%emt 00:01:40]} Rd8 {[%clk 00:01:00] [%emt
00:05:24]} 39. Nc2 {[%clk 00:07:51] [%emt 00:01:47]} Rh1 {[%clk 00:01:13] [%emt
00:00:16]} 40. Bd4 {[%clk 00:07:59] [%emt 00:00:24]} Rb8 {[%clk 00:00:42] [%emt
00:01:01]} 41. Bxb6 {[%clk 00:07:57] [%emt 00:00:32]} Rxb6 {[%clk 00:01:09]
[%emt 00:00:03]} 42. Nd4 {[%clk 00:08:19] [%emt 00:00:08]} Rb7 {[%clk 00:01:13]
[%emt 00:00:26]} 43. Kb4 {[%clk 00:07:30] [%emt 00:01:19]} g6 {[%clk 00:49:58]
[%emt 00:01:44]} 44. Bd3 {[%clk 00:53:17] [%emt 00:04:42]} Rc1 {[%clk 00:45:17]
[%emt 00:05:12]} 45. Nb3 {[%clk 00:52:05] [%emt 00:01:42]} Rd1 {[%clk 00:45:19]
[%emt 00:00:29]} 46. Bc2 {[%clk 00:52:06] [%emt 00:00:29]} Re1 {[%clk 00:45:42]
[%emt 00:00:07]} 47. Na5 {[%clk 00:52:17] [%emt 00:00:19]} Rb8 {[%clk 00:45:31]
[%emt 00:00:40]} 48. Nc6 {[%clk 00:52:40] [%emt 00:00:07]} Rb7 {[%clk 00:45:59]
[%emt 00:00:02]} 49. Ka5 {[%clk 00:52:46] [%emt 00:00:24]} Re2 {[%clk 00:46:09]
[%emt 00:00:20]} 50. Ka6 {[%clk 00:52:34] [%emt 00:00:42]} Rd7 {[%clk 00:46:10]
[%emt 00:00:29]} 51. Nd4 {[%clk 00:52:55] [%emt 00:00:09]} Rxe5 {[%clk 00:46:04]
[%emt 00:00:36]} 52. b6 {[%clk 00:53:19] [%emt 00:00:06]} Re1 {[%clk 00:45:10]
[%emt 00:01:24]} 53. Ba4 {[%clk 00:53:43] [%emt 00:00:07]} Ra1 {[%clk 00:45:26]
[%emt 00:00:14]} 54. Nb3 {[%clk 00:54:08] [%emt 00:00:05]} 1-0

[Site "Europe Echecs"]

[Event "Grand Swiss "]
[Date "2025.09.15"]
[White "Narayanan S L"]
[Black "Erdogmus, Yagiz Kaan"]
[WhiteElo "2591"]
[BlackElo "2646"]
[Round "11.11.24"]
[Result "1/2-1/2"]

1. c4 {[%clk 01:40:55] [%emt 00:00:04]} e6 {[%clk 01:40:54] [%emt 00:00:07]} 2.
Nc3 {[%clk 01:40:56] [%emt 00:00:29]} d5 {[%clk 01:41:15] [%emt 00:00:09]} 3. d4
{[%clk 01:41:16] [%emt 00:00:10]} Be7 {[%clk 01:41:40] [%emt 00:00:05]} 4. Nf3
{[%clk 01:40:48] [%emt 00:00:58]} Nf6 {[%clk 01:42:05] [%emt 00:00:06]} 5. Bg5
{[%clk 01:39:06] [%emt 00:02:12]} h6 {[%clk 01:41:52] [%emt 00:00:43]} 6. Bh4
{[%clk 01:39:13] [%emt 00:00:22]} dxc4 {[%clk 01:40:53] [%emt 00:01:30]} 7. e3
{[%clk 01:39:02] [%emt 00:00:41]} c5 {[%clk 01:38:49] [%emt 00:02:34]} 8. Bxc4
{[%clk 01:38:41] [%emt 00:00:51]} cxd4 {[%clk 01:38:52] [%emt 00:00:27]} 9. Nxd4
{[%clk 01:38:01] [%emt 00:01:10]} Bd7 {[%clk 01:35:27] [%emt 00:03:55]} 10. O-O
{[%clk 01:37:10] [%emt 00:01:20]} Nc6 {[%clk 01:24:46] [%emt 00:11:12]} 11. Nf3
{[%clk 01:29:39] [%emt 00:08:00]} O-O {[%clk 01:24:04] [%emt 00:01:12]} 12. a3
{[%clk 01:29:11] [%emt 00:00:59]} Nd5 {[%clk 01:03:29] [%emt 00:21:05]} 13. Bxe7
{[%clk 00:58:34] [%emt 00:31:07]} Nxc3 {[%clk 01:03:32] [%emt 00:00:27]} 14.
Bxd8 {[%clk 00:58:18] [%emt 00:00:45]} Nxd1 {[%clk 01:03:58] [%emt 00:00:05]}
15. Be7 {[%clk 00:54:52] [%emt 00:03:56]} Nxe7 {[%clk 01:02:01] [%emt 00:02:26]}
16. Rfxd1 {[%clk 00:53:47] [%emt 00:01:36]} Rfd8 {[%clk 01:02:24] [%emt
00:00:08]} 17. Rac1 {[%clk 00:53:39] [%emt 00:00:38]} Be8 {[%clk 01:01:11] [%emt
00:01:42]} 18. Rxd8 {[%clk 00:53:25] [%emt 00:00:45]} Rxd8 {[%clk 01:01:38]
[%emt 00:00:02]} 19. Be2 {[%clk 00:53:45] [%emt 00:00:10]} Kf8 {[%clk 01:01:26]
[%emt 00:00:43]} 20. Kf1 {[%clk 00:53:50] [%emt 00:00:23]} Rc8 {[%clk 01:01:33]
[%emt 00:00:23]} 21. Rxc8 {[%clk 00:54:07] [%emt 00:00:14]} Nxc8 {[%clk
01:01:47] [%emt 00:00:17]} 22. Ke1 {[%clk 00:53:15] [%emt 00:01:21]} Nd6 {[%clk
01:02:05] [%emt 00:00:13]} 23. Ne5 {[%clk 00:53:26] [%emt 00:00:19]} Ke7 {[%clk
01:02:30] [%emt 00:00:05]} 24. Nc4 {[%clk 00:51:12] [%emt 00:02:44]} Bc6 {[%clk
01:02:42] [%emt 00:00:18]} 25. Nxd6 {[%clk 00:50:40] [%emt 00:01:02]} Kxd6
{[%clk 01:03:06] [%emt 00:00:06]} 26. g3 {[%clk 00:51:04] [%emt 00:00:07]} a5
{[%clk 01:00:36] [%emt 00:03:00]} 27. Kd2 {[%clk 00:51:23] [%emt 00:00:10]} Kc5
{[%clk 01:01:02] [%emt 00:00:04]} 28. Kc3 {[%clk 00:51:47] [%emt 00:00:06]} b6
{[%clk 01:01:28] [%emt 00:00:05]} 29. Bh5 {[%clk 00:50:55] [%emt 00:01:21]} g6
{[%clk 01:01:54] [%emt 00:00:05]} 30. Be2 {[%clk 00:51:18] [%emt 00:00:06]} Bd7
{[%clk 01:02:03] [%emt 00:00:22]} 1/2-1/2

[Site "Europe Echecs"]